[Event "Berlin Lichtenberger Sommer 3th"]
[Site "Berlin"]
[Date "2004.08.15"]
[Round "2.57"]
[White "Gehler, Rainer"]
[Black "Goetze, Frank"]
[Result "0-1"]
[WhiteElo "1654"]
[BlackElo "1879"]
[PlyCount "36"]
[EventDate "2004.08.14"]
[EventType "swiss"]
[EventRounds "9"]
[EventCountry "GER"]
[SourceTitle "EXT 2022"]
[Source "ChessBase"]
[SourceDate "2021.10.06"]
[SourceVersion "1"]
[SourceVersionDate "2021.10.06"]
[SourceQuality "1"]

1. d4 Nf6 2. c4 e6 3. Nc3 c5 4. Nf3 cxd4 5. Nxd4 Nc6 6. Bg5 h6 7. Bh4 Bb4 8. Ndb5 a6 9. Nd6+ Ke7 10. Bg3 Nh5 11. Nde4 Nxg3 12. Nxg3 Qa5 13. Qd2 d5 14. cxd5 Rd8 15. e3 Rxd5 16. Qc2 Bd7 17. Bd3 Ne5 18. Be4 Ba4 0-1

[Event "CFriend AO-2003-0-00001 email"]
[Site "Chessfriend.com"]
[Date "2003.06.29"]
[Round "1"]
[White "Gehler, Rainer"]
[Black "Rulfs, Ernst August"]
[Result "0-1"]
[WhiteElo "1700"]
[BlackElo "1626"]
[PlyCount "68"]
[EventDate "2003.??.??"]
[EventType "tourn (corr)"]
[EventRounds "12"]
[SourceTitle "Corr 2008"]
[Source "ChessBase"]
[SourceDate "2008.06.24"]
[SourceVersion "1"]
[SourceVersionDate "2008.06.24"]
[SourceQuality "1"]

1. d4 d5 2. c4 Nc6 3. cxd5 Qxd5 4. e3 e5 5. Nc3 Bb4 6. Bd2 Bxc3 7. bxc3 Nf6 8. f3 0-0 9. e4 Qd8 10. Be3 exd4 11. cxd4 Nxe4 12. fxe4 Qh4+ 13. Kd2 Qxe4 14. Qc2 Qe7 15. Qc5 Qd8 16. Nf3 Be6 17. Bd3 Bd5 18. Rhe1 b6 19. Qc3 Qd6 20. Rac1 Rad8 21. Re2 Rfe8 22. a3 Na5 23. Rc2 h6 24. Qxc7 Qxa3 25. Qc3 Qd6 26. Bb5 Re6 27. Ke1 Bxf3 28. gxf3 Qd5 29. Qc7 Rf8 30. Bd3 Qxf3 31. Qg3 Qd5 32. Kf1 Nc6 33. Rg2 g5 34. Bc4 Rf6+ 0-1

[Event "Leipzig VfB op 09th"]
[Site "Leipzig"]
[Date "2002.03.10"]
[Round "9"]
[White "Gehler, Rainer"]
[Black "Gerhardt, Dirk"]
[Result "1/2-1/2"]
[WhiteElo "1613"]
[BlackElo "2047"]
[PlyCount "97"]
[EventDate "2002.03.05"]
[EventType "swiss"]
[EventRounds "9"]
[EventCountry "GER"]
[SourceTitle "EXT 2007"]
[Source "ChessBase"]
[SourceDate "2006.11.23"]
[SourceVersion "1"]
[SourceVersionDate "2006.11.23"]
[SourceQuality "1"]

1. d4 d5 2. c4 e6 3. Nf3 Nf6 4. Nc3 c6 5. Bg5 Nbd7 6. e3 Qa5 7. Bxf6 Nxf6 8. Qc2 Bd6 9. Bd3 Bd7 10. 0-0 0-0 11. e4 dxe4 12. Bxe4 Nxe4 13. Nxe4 Be7 14. Rfd1 Rfd8 15. a3 Qf5 16. Qe2 Bf8 17. Qe3 h6 18. h3 g5 19. Ne5 Bg7 20. Nd6 Qf4 21. Qxf4 gxf4 22. Nxb7 Rdb8 23. Nc5 Be8 24. Rab1 f6 25. Ned3 e5 26. Ne6 Rb7 27. dxe5 fxe5 28. Nxg7 Kxg7 29. Nxe5 Re7 30. Nf3 Bg6 31. Rbc1 Re2 32. Rd2 Rae8 33. Rxe2 Rxe2 34. Nd4 Rxb2 35. Nxc6 Rb3 36. Nxa7 Rxa3 37. Nb5 Ra5 38. Nd6 Rc5 39. Nb7 Rc7 40. Nd6 Rc5 41. Rc3 Kf6 42. Nb7 Rc7 43. Na5 Ke6 44. c5 Be4 45. c6 Bd5 46. Kf1 Kd6 47. f3 Ra7 48. Nc4+ Kxc6 49. Ne3+ 1/2-1/2

[Event "Leipzig VfB op 09th"]
[Site "Leipzig"]
[Date "2002.03.09"]
[Round "7"]
[White "Gehler, Rainer"]
[Black "Bross, Thomas"]
[Result "1/2-1/2"]
[WhiteElo "1613"]
[BlackElo "2051"]
[PlyCount "82"]
[EventDate "2002.03.05"]
[EventType "swiss"]
[EventRounds "9"]
[EventCountry "GER"]
[SourceTitle "EXT 2007"]
[Source "ChessBase"]
[SourceDate "2006.11.23"]
[SourceVersion "1"]
[SourceVersionDate "2006.11.23"]
[SourceQuality "1"]

1. d4 d5 2. c4 c6 3. Nf3 Nf6 4. Nc3 g6 5. e3 Bg7 6. Be2 0-0 7. 0-0 Nbd7 8. b3 dxc4 9. bxc4 c5 10. Bb2 e6 11. Qc2 b6 12. Rfd1 cxd4 13. exd4 Bb7 14. Ne5 Qb8 15. Nxd7 Nxd7 16. d5 exd5 17. Nxd5 Bxb2 18. Qxb2 Qe5 19. Qxe5 Nxe5 20. f4 Nc6 21. Bf3 Kg7 22. Rac1 Rac8 23. Ne7 Nxe7 24. Bxb7 Rc7 25. Bd5 Rd8 26. Bf3 Rxd1+ 27. Bxd1 Nf5 28. Bb3 Nd4 29. Kf2 Ne6 30. g3 Nc5 31. Rd1 h5 32. Kf3 Re7 33. Rd2 f5 34. Re2 Rd7 35. Re3 Kf6 36. Ke2 Rh7 37. h4 Rd7 38. Bc2 Rd4 39. Rc3 Rd7 40. Re3 Rd4 41. Rc3 Rd7 1/2-1/2